00251 a2200109 4500001000700000020000600007040001100013100001900024240004700043245004200090362000900132181503 a  cMagnum aCapon, Jack J.10aAtividades com movimentos basicos/v.1lpor10aAtividades com movimentos basicos/v.10 a1899